000 00421nam a22001577a 4500
003 OSt
008 260430b |||||||| |||| 00| 0 eng d
082 _a633.11
_bA70T
100 _aKumar, Arbind
245 _aTillage, Fertility and Weed Management Systems in Regulation to Wheat-Production
260 _aPusa, Samastipur
_bRAU
_c1976
300 _a135P.
502 _bMsc.
_d1976
650 _aAgronomy
942 _2ddc
_cT
999 _c50351
_d50351